[Event "DLM 2010"]
[Site "Stuttgart GER"]
[Date "2010.11.17"]
[Round "2"]
[White "Poetsch, Hagen"]
[Black "Farmani Anosheh, Armin"]
[Result "1-0"]
[Termination "normal"]
[Board "1.1"]
[WhiteTitle "FM"]
[WhiteElo "2395"]
[BlackElo "2207"]
[WhiteTeam "Hessen 1"]
[BlackTeam "Baden"]
[WhiteFideId "24615137"]
[BlackFideId "24613240"]
[EventCountry "GER"]
[EventRounds "7"]
[EventType "team-swiss"]
[EventDate "2010.11.16"]

1. e4 e6 2. d4 d5 3. Nc3 Nf6 4. e5 Nfd7 5. f4 c5 6. Nf3 Nc6 7. Be3 Qb6 8. Na4
Qa5+ 9. c3 cxd4 10. b4 Nxb4 11. cxb4 Bxb4+ 12. Bd2 Bxd2+ 13. Nxd2 O-O 14. Bd3
b5 15. Nb2 Nb6 16. O-O Nc4 17. Nbxc4 bxc4 18. Bxh7+ Kxh7 19. Qh5+ Kg8 20. Nf3
f6 21. exf6 Qc7 22. fxg7 Qxg7 23. Ne5 Bd7 24. Rf3 Be8 25. Qh4 Rf6 26. Rg3 Bg6
27. Qg5 Kh7 28. Rh3+ Kg8 29. Rh6 Bc2 30. Rxf6 Qxg5 31. fxg5 d3 32. Nf3 Re8 33.
h4 c3 34. Ne1 d4 35. Rf2 Rc8 36. Rxc2 dxc2 37. Kf2 e5 38. Kf3 Rf8+ 39. Ke4 Rf2
40. Kxe5 Rd2 41. Rc1 Kf7 42. Ke4 Rd1 43. Nd3 1-0

[Event "DLM 2010"]
[Site "Stuttgart GER"]
[Date "2010.11.17"]
[Round "2"]
[White "Petermann, Michail"]
[Black "Geske, Julian"]
[Result "0-1"]
[Termination "normal"]
[Board "1.2"]
[BlackTitle "FM"]
[WhiteElo "2139"]
[BlackElo "2364"]
[WhiteTeam "Baden"]
[BlackTeam "Hessen 1"]
[WhiteFideId "24643530"]
[BlackFideId "24605263"]
[EventCountry "GER"]
[EventRounds "7"]
[EventType "team-swiss"]
[EventDate "2010.11.16"]

1. e4 d5 2. exd5 Qxd5 3. Nc3 Qa5 4. Bc4 Nf6 5. d3 c6 6. Bd2 Qc7 7. Qe2 g6 8.
Nf3 Bg7 9. Ng5 O-O 10. h4 b5 11. Bb3 h5 12. f3 a5 13. a4 Na6 14. Nce4 Nxe4 15.
Nxe4 Bxb2 16. Ra2 Bg7 17. axb5 cxb5 18. Bxa5 Qc6 19. Bd2 Be6 20. c4 bxc4 21.
Bxc4 Bxc4 22. dxc4 Qb6 23. Rc2 Nc5 24. Nxc5 Qxc5 25. Be3 Bd4 26. Bc1 Ra1 27.
Qe4 Rd8 28. Ke2 Rd6 29. Qb7 Re6+ 30. Kd3 Bg7 31. Qb8+ Kh7 32. Qf4 Ra3+ 33. Bxa3
Qxa3+ 34. Kd2 Bh6 0-1

[Event "DLM 2010"]
[Site "Stuttgart GER"]
[Date "2010.11.17"]
[Round "2"]
[White "Ohme, Melanie"]
[Black "Noe, Christopher"]
[Result "1-0"]
[Termination "normal"]
[Board "1.3"]
[WhiteTitle "WIM"]
[WhiteElo "2311"]
[BlackElo "1859"]
[WhiteTeam "Hessen 1"]
[BlackTeam "Baden"]
[WhiteFideId "4690745"]
[BlackFideId "24692018"]
[EventCountry "GER"]
[EventRounds "7"]
[EventType "team-swiss"]
[EventDate "2010.11.16"]

1. e4 c5 2. Nf3 e6 3. d4 cxd4 4. Nxd4 Nf6 5. Nc3 Nc6 6. Ndb5 Bc5 7. Bf4 O-O 8.
Bc7 Qe7 9. Bd6 Bxd6 10. Qxd6 Qd8 11. Nc7 Ne8 12. Nxe8 Rxe8 13. O-O-O a6 14. Kb1
b5 15. h4 Qe7 16. h5 Qxd6 17. Rxd6 h6 18. f4 Rd8 19. Be2 Ra7 20. Rhd1 Rc7 21.
Bf3 Bb7 22. e5 Kf8 23. a4 b4 24. Ne4 Ne7 25. R6d4 a5 26. Nd6 Bd5 27. R4d3 Ra8
28. Rf1 Bxf3 29. Rdxf3 Nf5 30. Nb5 Rc6 31. Rd3 Rd8 32. Rfd1 Ke8 33. g4 Ne7 34.
Nd6+ Kf8 35. Nb7 Rdc8 36. Rxd7 Nd5 37. Nd6 R6c7 38. Rxc7 Rxc7 39. Rd4 Ke7 40.
g5 Ne3 41. gxh6 gxh6 42. Rd2 Nc4 43. Rd3 Nb6 44. f5 Rd7 45. f6+ Kf8 46. Rd4 Nd5
47. Rc4 Kg8 48. Rc8+ Kh7 49. Nc4 Nf4 50. Nxa5 Nxh5 51. Nc6 Nf4 52. a5 h5 53.
Nxb4 Kg6 54. a6 Ra7 55. c4 h4 56. Kc2 h3 57. Rh8 Nh5 58. Rg8+ Kf5 59. Rg1 Kf4
60. Kb3 Ng3 61. Ka4 h2 62. Rc1 Kf3 63. Kb5 Kf2 64. Kb6 Rd7 65. a7 Rd8 66. Nd3+
Ke3 67. c5 Ne2 68. Rh1 Nd4 69. Nb4 1-0

[Event "DLM 2010"]
[Site "Stuttgart GER"]
[Date "2010.11.17"]
[Round "2"]
[White "Frey, Alisa"]
[Black "Schröder, Jan-Christian"]
[Result "1/2-1/2"]
[Termination "normal"]
[Board "1.4"]
[WhiteElo "2045"]
[BlackElo "2108"]
[WhiteTeam "Baden"]
[BlackTeam "Hessen 1"]
[WhiteFideId "24634662"]
[BlackFideId "24662259"]
[EventCountry "GER"]
[EventRounds "7"]
[EventType "team-swiss"]
[EventDate "2010.11.16"]

1. d4 d5 2. c4 e6 3. Nc3 Be7 4. Nf3 Nf6 5. e3 O-O 6. Qc2 Nbd7 7. b3 b6 8. Bd3
c5 9. cxd5 exd5 10. O-O Bb7 11. Bb2 Rc8 12. Qe2 Bd6 13. Rac1 Re8 14. Bb1 Ne4
15. Rfd1 Ndf6 16. Nd2 cxd4 17. Ncxe4 Nxe4 18. Nxe4 dxe4 19. Bxd4 Qg5 20. Bb2
Bb8 21. Rc4 h6 22. Rcd4 Bc6 23. b4 Be5 24. R4d2 Bxb2 25. Rxb2 Ba4 26. Bc2 Bb5
27. Qe1 Qe5 28. Rd4 Red8 29. Rb1 Bd3 30. Bxd3 exd3 31. Rxd8+ Rxd8 32. Qd2 Qf5
33. Rc1 Rd7 34. Rc3 Qb5 35. g3 Kh7 36. Rc1 Qd5 37. Rc3 Qe4 38. a3 Rd6 39. h3 h5
40. h4 Rd5 41. Rc7 Qf3 42. Rc1 Qe2 43. Rd1 Qg4 44. Kg2 Qe4+ 45. Kh2 Qc4 46. Rc1
Qe4 47. Rc3 Rd7 48. Kg1 g6 49. Kh2 Qf3 50. Rxd3 Rxd3 51. Qxd3 Qxf2+ 52. Kh3 Qg1
53. Qe4 Qf1+ 54. Kh2 Kg7 55. a4 Qf2+ 56. Kh3 Qf6 57. Kg2 Qb2+ 58. Kh3 a5 59.
bxa5 bxa5 60. Qd5 Qa1 61. Qe4 Qf1+ 62. Kh2 Qf2+ 63. Kh3 Qg1 64. Qe5+ Kh7 65.
Qe4 Qe1 66. Qf3 Kg7 67. Qe4 Qb4 68. Qe5+ Kh7 69. Qe8 Qb7 70. Kh2 Qc7 71. Qe4
Qc3 72. Qf4 Qb2+ 73. Kh3 Kg7 74. Qe4 Qa1 75. Kh2 Qa2+ 76. Kg1 Qb2 77. Qf4 Qf6
78. Qe4 Qe6 79. Qd4+ Kh7 80. Kh2 Qf5 81. Kg2 Qc2+ 82. Kf3 Qc6+ 83. Kf2 Qh1 84.
Qd7 Qh2+ 85. Kf3 Qh1+ 86. Kf2 Qh2+ 1/2-1/2

[Event "DLM 2010"]
[Site "Stuttgart GER"]
[Date "2010.11.17"]
[Round "2"]
[White "Hahn, Markus"]
[Black "Schuhmacher, Jakob"]
[Result "1-0"]
[Termination "normal"]
[Board "1.5"]
[WhiteElo "2078"]
[BlackElo "1796"]
[WhiteTeam "Hessen 1"]
[BlackTeam "Baden"]
[WhiteFideId "24654647"]
[BlackFideId "4612787"]
[EventCountry "GER"]
[EventRounds "7"]
[EventType "team-swiss"]
[EventDate "2010.11.16"]

1. d4 Nf6 2. Nf3 e6 3. g3 b6 4. Bg2 Bb7 5. O-O Be7 6. c4 c5 7. Nc3 cxd4 8. Qxd4
Nc6 9. Qf4 O-O 10. Rd1 d6 11. b3 a6 12. Ba3 d5 13. cxd5 Nxd5 14. Nxd5 exd5 15.
Bxe7 Qxe7 16. e3 Rad8 17. Rac1 Rfe8 18. Rc2 Qe4 19. Nd4 Qxf4 20. gxf4 Nxd4 21.
Rxd4 Rc8 22. Rxc8 Rxc8 23. Bxd5 Bxd5 24. Rxd5 g6 25. Rd6 Rb8 26. f5 gxf5 27.
Rf6 Kg7 28. Rxf5 Rd8 29. Rf4 Rd2 30. Rb4 Rxa2 31. Rxb6 a5 32. Ra6 Rb2 33. Rxa5
Rxb3 34. Ra6 f6 35. Kg2 Kg6 36. Kg3 Rb2 37. e4 Rb5 38. Kf4 Rh5 39. f3 Rb5 40.
Rd6 Rh5 41. Rd2 Ra5 42. h4 Ra1 43. h5+ Kf7 44. Rd7+ Kg8 45. Kf5 Ra6 46. h6 Ra3
47. f4 Rh3 48. Kxf6 Rxh6+ 49. Kg5 Rg6+ 50. Kf5 Ra6 51. e5 h6 52. Rd6 Ra1 53.
Rxh6 Re1 54. Ra6 Kf7 55. Ra7+ Ke8 56. Ke6 Kf8 57. f5 Rb1 58. Kf6 1-0

[Event "DLM 2010"]
[Site "Stuttgart GER"]
[Date "2010.11.17"]
[Round "2"]
[White "Kühnel, Lena"]
[Black "Tran, My Linh"]
[Result "0-1"]
[Termination "normal"]
[Board "1.6"]
[WhiteElo "1865"]
[BlackElo "1895"]
[WhiteTeam "Baden"]
[BlackTeam "Hessen 1"]
[WhiteFideId "24640956"]
[BlackFideId "24682462"]
[EventCountry "GER"]
[EventRounds "7"]
[EventType "team-swiss"]
[EventDate "2010.11.16"]

1. e4 e5 2. Nf3 Nc6 3. Bb5 f5 4. d3 Nf6 5. O-O Bc5 6. Nc3 d6 7. Bg5 O-O 8. Nd5
Kh8 9. Nh4 Nd4 10. Bc4 fxe4 11. Nxf6 gxf6 12. Bh6 d5 13. Bxf8 Bxf8 14. Bb3 Nxb3
15. axb3 exd3 16. Qxd3 c6 17. Rfe1 Bc5 18. Qd2 Qg8 19. b4 Bb6 20. Ra3 Qf8 21.
Rg3 Bc7 22. Qe2 Qh6 23. Nf3 e4 24. Nd4 Bxg3 25. hxg3 Bd7 26. c4 Qg5 27. b3 Re8
28. Ra1 Qe5 29. Qe3 a6 30. Ra5 Be6 31. Nxe6 Qxe6 32. Qb6 Qf7 33. Qd4 Re5 34.
Rc5 Qe6 35. Ra5 Qf7 36. Rc5 Qe6 37. Ra5 Qd6 38. Qb6 Qe7 39. b5 Qb4 40. Qd8+ Kg7
41. Qc7+ Kg6 42. Ra1 axb5 43. cxd5 cxd5 44. g4 e3 45. fxe3 Qxb3 46. Qxb7 Qxe3+
47. Kh1 Qd4 48. Rb1 Qxg4 49. Qxb5 Rh5+ 50. Kg1 Qd4+ 51. Kf1 Rh1+ 52. Ke2 Qe4+
0-1

[Event "DLM 2010"]
[Site "Stuttgart GER"]
[Date "2010.11.17"]
[Round "2"]
[White "Höpfner, Tim"]
[Black "Wiesner, Paula"]
[Result "1/2-1/2"]
[Termination "normal"]
[Board "1.7"]
[WhiteElo "1907"]
[BlackElo "1804"]
[WhiteTeam "Hessen 1"]
[BlackTeam "Baden"]
[WhiteFideId "4638310"]
[BlackFideId "24654019"]
[EventCountry "GER"]
[EventRounds "7"]
[EventType "team-swiss"]
[EventDate "2010.11.16"]

1. d4 d5 2. c4 e6 3. Nf3 Nf6 4. g3 Be7 5. Bg2 c6 6. Nbd2 O-O 7. O-O Nbd7 8. Qc2
Qc7 9. e4 dxe4 10. Nxe4 Nxe4 11. Qxe4 Nf6 12. Qc2 b6 13. Ne5 Bb7 14. Bf4 Bd6
15. Rfe1 Nd7 16. c5 bxc5 17. Nxd7 Qxd7 18. Bxd6 Qxd6 19. dxc5 Qc7 20. Rad1 Rfd8
21. Qa4 a5 22. a3 Rac8 23. h4 Kf8 24. Qc2 Kg8 25. Qb3 Ba6 26. Rxd8+ Rxd8 27.
Rd1 Rxd1+ 28. Qxd1 Kf8 29. Qd4 Bb7 30. f4 h6 31. Kf2 f6 32. Ke3 Ke7 33. Bf3 Qd7
34. g4 Qxd4+ 35. Kxd4 Kd7 36. Be2 Ke7 37. h5 Bc8 38. Ke3 e5 39. f5 Bd7 40. Kd3
Be8 41. Bf3 Kd7 42. Kc3 Bf7 43. b4 axb4+ 44. axb4 Kc7 45. Be2 Be8 46. Bf3 Bf7
47. Be2 1/2-1/2

[Event "DLM 2010"]
[Site "Stuttgart GER"]
[Date "2010.11.17"]
[Round "2"]
[White "Reiß, Michael"]
[Black "Graf, Clara Victoria"]
[Result "1/2-1/2"]
[Termination "normal"]
[Board "1.8"]
[WhiteElo "1617"]
[BlackElo "1739"]
[WhiteTeam "Baden"]
[BlackTeam "Hessen 1"]
[BlackFideId "1270339"]
[EventCountry "GER"]
[EventRounds "7"]
[EventType "team-swiss"]
[EventDate "2010.11.16"]

1. e4 c5 2. Nf3 Nc6 3. Bb5 g6 4. O-O Bg7 5. Re1 Ne5 6. Nxe5 Bxe5 7. Nc3 a6 8.
Bc4 Bg7 9. Be2 d6 10. d3 Nf6 11. Be3 O-O 12. h3 b6 13. Qd2 Bb7 14. Bh6 Qc7 15.
Bxg7 Kxg7 16. f4 c4 17. Kh1 Rfd8 18. f5 b5 19. fxg6 hxg6 20. Rf1 Rh8 21. Rf2
Rad8 22. Raf1 Rhf8 23. Rf4 d5 24. exd5 Nxd5 25. Nxd5 Bxd5 26. Qe3 Qb7 27. Qg3
Rd6 28. h4 Rh8 29. h5 Qc7 30. Kg1 Rf6 31. Qg5 Rxf4 32. Rxf4 cxd3 33. Bxd3 Rxh5
34. Qg4 Qc5+ 35. Rf2 Bxg2 36. Qf4 Bd5 37. Be4 Bxe4 38. Qxf7+ Kh6 39. Qf8+ Kh7
40. Qf7+ 1/2-1/2

[Event "DLM 2010"]
[Site "Stuttgart GER"]
[Date "2010.11.17"]
[Round "2"]
[White "Hirneise, Jens"]
[Black "Lubbe, Nikolas"]
[Result "0-1"]
[Termination "normal"]
[Board "2.1"]
[WhiteTitle "FM"]
[WhiteElo "2298"]
[BlackElo "2367"]
[WhiteTeam "Württemberg 1"]
[BlackTeam "Niedersachsen"]
[WhiteFideId "24614734"]
[BlackFideId "4694031"]
[EventCountry "GER"]
[EventRounds "7"]
[EventType "team-swiss"]
[EventDate "2010.11.16"]

1. e4 c5 2. Nf3 Nc6 3. d4 cxd4 4. Nxd4 Nf6 5. Nc3 d6 6. Bg5 Qb6 7. Bxf6 gxf6 8.
Nb3 e6 9. Qh5 a6 10. Bd3 Bd7 11. O-O Nd4 12. Kh1 Nxb3 13. cxb3 Qc5 14. Qe2 h5
15. Rac1 Qb6 16. f4 h4 17. f5 Qd4 18. fxe6 fxe6 19. Qg4 Qe5 20. Qg6+ Ke7 21.
Rce1 Be8 22. Qg4 Qg5 23. Nd5+ exd5 24. exd5+ Kd8 25. Qb4 Kc7 26. Qa5+ b6 27.
Qc3+ Kd8 28. Rxf6 Be7 29. Rxe7 Kxe7 30. Re6+ Kf7 31. Bg6+ Kg8 32. Bxe8 Rh6 33.
Re1 Rf6 34. Qc6 Qe3 35. Bf7+ Kxf7 36. Qd7+ Kf8 0-1

[Event "DLM 2010"]
[Site "Stuttgart GER"]
[Date "2010.11.17"]
[Round "2"]
[White "Schulz, Jens"]
[Black "Krassowizkij, Jaroslaw"]
[Result "0-1"]
[Termination "normal"]
[Board "2.2"]
[WhiteElo "2173"]
[BlackElo "2248"]
[WhiteTeam "Niedersachsen"]
[BlackTeam "Württemberg 1"]
[WhiteFideId "24675687"]
[BlackFideId "1271703"]
[EventCountry "GER"]
[EventRounds "7"]
[EventType "team-swiss"]
[EventDate "2010.11.16"]

1. e4 e6 2. d4 d5 3. Nc3 Bb4 4. e5 c5 5. a3 Bxc3+ 6. bxc3 Ne7 7. Qg4 O-O 8. Bd3
f5 9. exf6 Rxf6 10. Bg5 Rf7 11. Qh5 g6 12. Qe2 c4 13. Bxg6 hxg6 14. h4 Qf8 15.
Nf3 Nbc6 16. h5 Rh7 17. g4 gxh5 18. gxh5 Bd7 19. O-O-O Nf5 20. Rdg1 Kf7 21.
Ne5+ Nxe5 22. Qxe5 Rc8 23. h6 Ke8 24. f4 Qxa3+ 25. Kd2 Qd6 26. Qf6 Qf8 27. Qe5
Nd6 28. Bh4 Rxh6 29. Bg5 Rxh1 30. Rxh1 Nf7 31. Qf6 Nxg5 32. Qxg5 Qf5 33. Qh4
Kf7 34. Rg1 Rf8 35. Rg5 Qf6 36. f5 Ke8 37. Qf4 exf5 38. Rh5 Kd8 39. Rh6 Qg7 40.
Qb8+ Ke7 41. Qf4 Rg8 42. Qd6+ Ke8 43. Rh5 Qg3 44. Qh6 Qg1 0-1

[Event "DLM 2010"]
[Site "Stuttgart GER"]
[Date "2010.11.17"]
[Round "2"]
[White "Braun, Georg"]
[Black "Schreiner, Till"]
[Result "1/2-1/2"]
[Termination "normal"]
[Board "2.3"]
[WhiteElo "2073"]
[BlackElo "2149"]
[WhiteTeam "Württemberg 1"]
[BlackTeam "Niedersachsen"]
[WhiteFideId "24629383"]
[BlackFideId "24675555"]
[EventCountry "GER"]
[EventRounds "7"]
[EventType "team-swiss"]
[EventDate "2010.11.16"]

1. e4 c5 2. Nf3 d6 3. d4 cxd4 4. Nxd4 Nf6 5. Nc3 a6 6. Bc4 e6 7. Bb3 Nbd7 8. f4
Nc5 9. Qf3 Be7 10. f5 O-O 11. Be3 e5 12. Nde2 Nxb3 13. axb3 b5 14. Rd1 Qc7 15.
Bg5 Bb7 16. Bxf6 Bxf6 17. Qd3 b4 18. Nb1 Qc6 19. Nd2 d5 20. exd5 Qxd5 21. Qxd5
Bxd5 22. O-O e4 23. c3 bxc3 24. bxc3 e3 25. Nc4 Bxc4 26. bxc4 Rfc8 27. Rf3 Rxc4
28. Rxe3 h6 29. Ra1 a5 30. Kf2 a4 31. Ra3 Ra5 32. Rf3 Be7 33. Ra2 a3 34. Ke1
Rd5 35. Nd4 Bc5 36. Ke2 Bxd4 37. cxd4 Rcxd4 38. Rfxa3 Rxf5 39. Rf3 Rdf4 40. Kf2
Rxf3+ 41. gxf3 Rf4 42. Kg3 g5 43. Ra5 Kg7 44. Rb5 Kg6 45. Ra5 h5 46. Ra6+ Rf6
47. Ra2 h4+ 48. Kg2 Rb6 49. Rc2 Rb4 50. Ra2 Kf5 51. Rc2 Kf4 52. Ra2 f5 53. Kf2
Rb5 54. Rc2 Ke5 55. Rd2 Rd5 56. Re2+ Kd4 57. Re8 Kd3 58. Rg8 f4 59. Kg2 Re5 60.
Kh3 Ke2 61. Kg4 Kf2 62. Ra8 Re1 63. Ra2+ Re2 64. Ra5 Re3 65. h3 Re1 1/2-1/2

[Event "DLM 2010"]
[Site "Stuttgart GER"]
[Date "2010.11.17"]
[Round "2"]
[White "Tennert, Simon"]
[Black "Erben, Larissa"]
[Result "1/2-1/2"]
[Termination "normal"]
[Board "2.4"]
[WhiteElo "2025"]
[BlackElo "2092"]
[WhiteTeam "Niedersachsen"]
[BlackTeam "Württemberg 1"]
[WhiteFideId "1270445"]
[BlackFideId "24634590"]
[EventCountry "GER"]
[EventRounds "7"]
[EventType "team-swiss"]
[EventDate "2010.11.16"]

1. e4 c5 2. Nf3 e6 3. d4 cxd4 4. Nxd4 Nc6 5. Nc3 Qc7 6. Be3 a6 7. Qd2 Nf6 8. f3
b5 9. Nxc6 dxc6 10. O-O-O Be7 11. g4 Nd7 12. Qf2 b4 13. Na4 Qa5 14. b3 c5 15.
Kb1 Bb7 16. Rxd7 Kxd7 17. Nxc5+ Bxc5 18. Bxc5 Rhc8 19. Qd4+ Ke8 20. Bb6 Qg5 21.
Qxb4 Qe7 22. Qa4+ Qd7 23. Qxd7+ Kxd7 24. c4 g6 25. g5 Rc6 26. c5 h6 27. h4 Rh8
28. Rg1 hxg5 29. hxg5 Rh2 30. b4 Rc8 31. a4 Rd2 32. b5 axb5 33. axb5 Ra8 34.
c6+ Bxc6 35. bxc6+ Kxc6 36. Be3 Rd1+ 37. Kc2 Rda1 38. Bc4 R1a3 39. Bb3 Rh8 40.
Bc1 Rh2+ 41. Bd2 Rxb3 42. Kxb3 Rxd2 43. Kc4 Kd6 44. f4 e5 45. f5 Rd4+ 46. Kc3
Rxe4 47. fxg6 fxg6 48. Kd3 Rf4 49. Ke3 Ke6 50. Rg2 Kf5 51. Rg1 Rg4 52. Rf1+
Kxg5 53. Rf8 Rh4 54. Re8 Kf6 55. Rf8+ Ke7 56. Rg8 Kf7 57. Ra8 Rd4 58. Ra6 g5
59. Kf3 Kg7 60. Re6 Rd5 61. Ke4 Ra5 62. Kf5 Kf7 63. Rb6 Ra7 64. Kxe5 Ra8 65.
Kf5 Ra5+ 66. Kg4 Kg7 67. Rc6 Kf7 1/2-1/2

[Event "DLM 2010"]
[Site "Stuttgart GER"]
[Date "2010.11.17"]
[Round "2"]
[White "Kvetny, Mark"]
[Black "Grigorian, Spartak"]
[Result "1/2-1/2"]
[Termination "normal"]
[Board "2.5"]
[WhiteElo "1984"]
[BlackElo "1835"]
[WhiteTeam "Württemberg 1"]
[BlackTeam "Niedersachsen"]
[WhiteFideId "24603929"]
[BlackFideId "24661490"]
[EventCountry "GER"]
[EventRounds "7"]
[EventType "team-swiss"]
[EventDate "2010.11.16"]

1. d4 Nf6 2. c4 e6 3. Nc3 Bb4 4. Qc2 d5 5. cxd5 exd5 6. Bg5 c6 7. e3 h6 8. Bh4
Nbd7 9. Bd3 O-O 10. Nge2 Re8 11. O-O Nf8 12. Rad1 Ne6 13. f3 Ng5 14. e4 dxe4
15. fxe4 Qb6 16. Bxg5 hxg5 17. a3 Bd6 18. Na4 Qc7 19. e5 Ng4 20. Rf3 Bf8 21.
Rdf1 Nh6 22. Ng3 Bg4 23. R3f2 Qd7 24. Ne4 Be7 25. h3 Be6 26. Nac5 Qxd4 27. Nxe6
fxe6 28. Qb3 Qd5 29. Qc3 Rad8 30. Bc2 Kh8 31. Nf6 Bxf6 32. exf6 Qd4 33. f7 Rf8
34. Rd1 Qxc3 35. bxc3 Rxd1+ 36. Bxd1 Rxf7 37. Rd2 g6 38. Bb3 Re7 39. Rd6 Nf7
40. Rxe6 Rxe6 41. Bxe6 Nd6 42. Bb3 Nb5 43. c4 Nxa3 44. Kf2 Kg7 45. Ke3 Kf6 46.
Kd4 b5 47. cxb5 cxb5 48. Kc5 a5 49. Bd1 Ke5 50. Kb6 a4 51. Kc5 Kf4 52. Kb4 Nb1
53. Bc2 Nd2 54. Bxg6 Kg3 55. Kxb5 a3 56. Bf7 Kxg2 57. Kb4 Kxh3 58. Kxa3 Nf3 59.
Be6+ Kg3 60. Kb2 Nd4 61. Bc8 Kf4 62. Kc3 Nf5 63. Kd2 g4 64. Bxf5 Kxf5 65. Ke3
Kg5 66. Kf2 Kh4 67. Kg2 g3 68. Kg1 Kh3 69. Kh1 g2+ 70. Kg1 Kg3 1/2-1/2

[Event "DLM 2010"]
[Site "Stuttgart GER"]
[Date "2010.11.17"]
[Round "2"]
[White "Düssler, Stefanie"]
[Black "Schäfer, Daniela"]
[Result "1/2-1/2"]
[Termination "normal"]
[Board "2.6"]
[WhiteElo "1868"]
[BlackElo "1935"]
[WhiteTeam "Niedersachsen"]
[BlackTeam "Württemberg 1"]
[WhiteFideId "4634780"]
[BlackFideId "4624769"]
[EventCountry "GER"]
[EventRounds "7"]
[EventType "team-swiss"]
[EventDate "2010.11.16"]

1. e4 d6 2. d4 Nf6 3. Nc3 e5 4. Nf3 Nbd7 5. g4 g6 6. Bc4 Bg7 7. g5 Nh5 8. Be3
a6 9. Qd2 Nb6 10. Be2 Be6 11. b3 f6 12. h4 O-O 13. O-O-O a5 14. a4 Qe7 15. d5
Bd7 16. gxf6 Qxf6 17. Rdg1 Nf4 18. Ne1 Nc8 19. Bg4 Bxg4 20. Rxg4 Ne7 21. Nb5 c6
22. Nc7 Rac8 23. Ne6 Nxe6 24. dxe6 Qxe6 25. Rhg1 b5 26. h5 bxa4 27. hxg6 Nxg6
28. bxa4 Qa2 29. Qxa5 Ra8 30. Qc7 Qxa4 31. Qd7 Qc4 32. Kd2 Qb4+ 33. Ke2 Qc4+
34. Kd2 Qb4+ 1/2-1/2

[Event "DLM 2010"]
[Site "Stuttgart GER"]
[Date "2010.11.17"]
[Round "2"]
[White "Walter, Kevin"]
[Black "Manusina, Nicole"]
[Result "0-1"]
[Termination "normal"]
[Board "2.7"]
[WhiteElo "1757"]
[BlackElo "1751"]
[WhiteTeam "Württemberg 1"]
[BlackTeam "Niedersachsen"]
[WhiteFideId "12906654"]
[BlackFideId "24657514"]
[EventCountry "GER"]
[EventRounds "7"]
[EventType "team-swiss"]
[EventDate "2010.11.16"]

1. e4 c6 2. d4 d5 3. exd5 cxd5 4. Bd3 Nc6 5. c3 Qc7 6. Ne2 g6 7. Bf4 Qd8 8. O-O
Bf5 9. Re1 Bxd3 10. Qxd3 Bg7 11. Na3 a6 12. Ng3 Nf6 13. Rad1 O-O 14. h3 Rc8 15.
b4 Re8 16. Nb1 Nd7 17. Kh1 Nb6 18. Nd2 Na7 19. Nb3 Nc4 20. Re2 b6 21. Nf1 Qd7
22. Ne3 e6 23. Qc2 Na3 24. Qb2 N7b5 25. Rc1 Rc6 26. Nc2 Nc4 27. Qa1 Ncd6 28.
Ne3 Rec8 29. Bxd6 Qxd6 30. Rec2 Na3 31. Rd2 Bh6 32. Rd3 Qc7 33. Ng4 Bxc1 34.
Qxc1 Nb5 35. Qg5 Rxc3 36. Rxc3 Nxc3 37. Nf6+ Kg7 38. Nh5+ Kf8 39. Qh6+ Ke7 40.
Qg5+ Kd7 41. Nf6+ Kc6 42. Qd2 Kb7 43. Nxh7 Ne4 44. Qe3 Qc2 45. f3 Ng3+ 46. Kg1
Qxa2 47. f4 Ne2+ 48. Kh2 Rc3 49. Qe5 Rxb3 50. Qf6 Rc3 51. Qxf7+ Rc7 52. Qxg6
Nxf4 53. Qg8 Qxg2+ 54. Qxg2 Nxg2 0-1

[Event "DLM 2010"]
[Site "Stuttgart GER"]
[Date "2010.11.17"]
[Round "2"]
[White "Sieber, Fiona"]
[Black "Weber, Sandra"]
[Result "0-1"]
[Termination "normal"]
[Board "2.8"]
[WhiteElo "1637"]
[BlackElo "1511"]
[WhiteTeam "Niedersachsen"]
[BlackTeam "Württemberg 1"]
[WhiteFideId "12902373"]
[BlackFideId "1270049"]
[EventCountry "GER"]
[EventRounds "7"]
[EventType "team-swiss"]
[EventDate "2010.11.16"]

1. e4 d5 2. exd5 Nf6 3. Nf3 Nxd5 4. d4 e6 5. c4 Nb6 6. Nc3 Be7 7. Be2 O-O 8.
O-O Nc6 9. Be3 Bf6 10. Qd2 e5 11. d5 Ne7 12. Ne4 Ng6 13. Nxf6+ Qxf6 14. c5 Nd7
15. Rac1 Qd8 16. Bb5 Nf6 17. Rfd1 e4 18. Ne1 Bg4 19. f3 exf3 20. Nxf3 Bxf3 21.
gxf3 Nh4 22. Kf2 Qc8 23. Bf1 Nxf3 24. Qe2 Nxh2 25. Ke1 Nhg4 26. Bh3 Re8 27. Rd3
h5 28. Kd2 Qd8 29. Bg2 Nxe3 30. Rxe3 Rxe3 31. Qxe3 Nxd5 32. Qd3 Qg5+ 33. Kc2
Nb4+ 0-1

[Event "DLM 2010"]
[Site "Stuttgart GER"]
[Date "2010.11.17"]
[Round "2"]
[White "Müller, Philipp"]
[Black "Kahleys, Kevin"]
[Result "1/2-1/2"]
[Termination "normal"]
[Board "3.2"]
[WhiteElo "1992"]
[BlackElo "2123"]
[WhiteTeam "Württemberg 2"]
[BlackTeam "Nordrhein-Westfalen"]
[WhiteFideId "24683701"]
[BlackFideId "24669601"]
[EventCountry "GER"]
[EventRounds "7"]
[EventType "team-swiss"]
[EventDate "2010.11.16"]

1. e4 e6 2. d4 d5 3. Nc3 Nc6 4. e5 f6 5. exf6 Nxf6 6. Nf3 Bd6 7. Bb5 O-O 8. O-O
Qe8 9. Ne5 Bd7 10. Bxc6 bxc6 11. Nd3 Qg6 12. f4 Bc8 13. Qe2 Nd7 14. Be3 Ba6 15.
Rf3 c5 16. Qf2 Bxd3 17. cxd3 cxd4 18. Bxd4 e5 19. fxe5 Nxe5 20. Bxe5 Bxe5 21.
Rf1 Qb6 22. Qxb6 cxb6 23. Nxd5 Bd4+ 24. Kh1 Rxf3 25. Rxf3 Re8 26. h4 Bxb2 27.
Kh2 Re5 28. Ne3 b5 29. Nf5 Re2 30. Kh3 b4 31. Rf4 a5 32. d4 g6 33. Nd6 Rd2 34.
Nc4 Rxd4 35. Rxd4 Bxd4 36. Nxa5 Kf7 37. Kg4 Ke6 38. h5 Kd5 39. hxg6 hxg6 40.
Kg5 Bb6 41. Nb3 Be3+ 42. Kxg6 Kc4 43. Kf5 Kc3 44. Na5 Bc5 45. g4 Kb2 46. Nc6
Kxa2 47. Nxb4+ Bxb4 48. g5 Bc3 49. g6 Bg7 50. Ke6 Ka1 51. Kf7 Bh6 52. g7 Bxg7
1/2-1/2

[Event "DLM 2010"]
[Site "Stuttgart GER"]
[Date "2010.11.17"]
[Round "2"]
[White "Mundorf, Johannes"]
[Black "Zimmermann, Ulrich"]
[Result "1-0"]
[Termination "normal"]
[Board "3.3"]
[WhiteElo "1952"]
[BlackElo "2055"]
[WhiteTeam "Nordrhein-Westfalen"]
[BlackTeam "Württemberg 2"]
[WhiteFideId "24672491"]
[BlackFideId "24654523"]
[EventCountry "GER"]
[EventRounds "7"]
[EventType "team-swiss"]
[EventDate "2010.11.16"]

1. Nf3 d5 2. g3 Bg4 3. Bg2 c6 4. c4 Nf6 5. Ne5 Bf5 6. cxd5 cxd5 7. Nc3 Nbd7 8.
Qa4 e6 9. g4 Bc2 10. Nxf7 Kxf7 11. Qxc2 Nxg4 12. h3 Ngf6 13. d4 Bd6 14. O-O Rc8
15. Qb3 b6 16. Bg5 h6 17. Bh4 Re8 18. Rad1 Kg8 19. e4 dxe4 20. Nxe4 Qe7 21.
Rfe1 Kh8 22. Nxd6 Qxd6 23. Bg3 Qe7 24. Bb7 Rcd8 25. Bc7 Nf8 26. Bxd8 Rxd8 27.
Bg2 Qf7 28. Qf3 Ng6 29. Qb7 Rd7 30. Qa8+ Kh7 31. Be4 Nd5 32. Rd3 Ndf4 33. Bxg6+
Qxg6+ 34. Rg3 Nxh3+ 35. Kg2 Ng5 36. Rc1 Rf7 37. Rg4 Qf5 38. f3 h5 39. Rg3 h4
40. Rg4 h3+ 41. Kg3 Qb5 42. Rc8 Rxf3+ 43. Kh4 h2 44. Rh8+ Kg6 45. Qxf3 Qa5 46.
Qe4+ Kf7 47. Rxg5 Qd2 48. Qf3+ Ke7 49. Rxg7+ Kd6 50. Rd8# 1-0